| 000 | 00710nam a2200229 a 4500 | ||
|---|---|---|---|
| 999 |
_c2438 _d2438 |
||
| 001 | 2438 | ||
| 003 | BD-JhCC | ||
| 005 | 20191212134008.0 | ||
| 008 | 171102s2006 bg ||||| |||| 00| 0 ben d | ||
| 020 | _a9847030588 | ||
| 035 | _a(BD-JhCC)2438 | ||
| 040 |
_aBD-JhCC _dBD-JhCC |
||
| 041 | _aben | ||
| 082 |
_222 _a891.443 _bHAN 2006 |
||
| 100 | _aহেনা, গুলশান, আরা, জুবাইদা | ||
| 245 |
_aসুখের লাগিয়া / _cজুবাইদা গুলশান আরা হেনা |
||
| 260 |
_aঢাকা : _bপিপিএমসি, _c২০০৬ |
||
| 300 |
_a103 p. : _c22cm. |
||
| 650 | _aBengali novel | ||
| 942 |
_2ddc _cBK _02 |
||